000 01139nam a2200241Ia 4500
999 _c38492
_d38492
001 4505
003 GE_BSU
005 20191016154233.0
008 181216s2012||||ge |||||||||||||| ||geo||
020 _a9789941177842
040 _cGE_BSU
041 _ageo
080 _a343.163+343.132 ა–14
100 _aაბაშიძე, გივი.
_91912
245 _aპროკურორი გამოძიების სტადიაზე /
_cირაკლი აბაშიძე ; რედ. ჯემალ გახოკიძე.
264 _aთბილისი :
_bუნივერსალი,
_c2012.
300 _a266 გვ. ;
_b20 სმ.
490 _aსაგანმანათლებლო სერია სამართალმცოდნეობის სპეციალობის სტუდენტის ბიბლიოთეკა ;
_v N 2
653 _a წინასწარი გამოძიება;
653 _aპროკურორი;
700 _aგახოკიძე, ჯემალ
_eრედაქტორი
_94752
942 _cBK
_2udc